Romantic Comedy Movies - Sudden Death - Statistics

General Stats
  • This quiz has been taken 6,688 times
  • The average score is 12 of 20
Answers on the Grid
Answers color-coded by a green-red scale on the quiz's grid according to % correct below.
When Harry Met Sally
Annie Hall
The Proposal
Notting Hill
The Apartment
10 Things I Hate About You
Bridget Jones’s Diary
The Wedding Singer
Love Actually
Gentlemen Prefer Blondes
There’s Something About Mary
Ghosts of Girlfriends Past
Crazy, Stupid, Love
My Best Friend's Wedding
You've Got Mail
Roxanne
My Big Fat Greek Wedding
Friends with Benefits
His Girl Friday
Knocked Up
The Shining
Titanic
The Girl with the Dragon Tattoo
Candyman
Rosemary's Baby
Frida
Basic Instinct
Lucy
Weekend at Bernie's
Bambi
American Beauty
Vertigo
 
Answer Stats
Answer % Correct
10 Things I Hate About You
77%
Love Actually
76%
When Harry Met Sally
75%
Bridget Jones’s Diary
73%
Crazy, Stupid, Love
72%
My Big Fat Greek Wedding
70%
Notting Hill
70%
Friends with Benefits
68%
My Best Friend's Wedding
68%
The Proposal
67%
You've Got Mail
65%
There’s Something About Mary
60%
The Wedding Singer
60%
Knocked Up
57%
Gentlemen Prefer Blondes
45%
Ghosts of Girlfriends Past
40%
Annie Hall
30%
His Girl Friday
30%
Roxanne
27%
The Apartment
23%
No matching quizzes found
Score Distribution
Percent of People with Each Score
Percentile by Number Answered
Your Score History
You have not taken this quiz